00776nam a2200205 4500999001900000005001700019010001500036020002700051035001400078037001300092082001200105100001500117245005900132260003400191270011200225300002000337500005000357942002600407952013700433 c168940d16894020191031164902.0 aENG-126770 a9789386806147c1495.00 aEN-110302 bDBAD/PUB a305.512 aUsha Kiran aImpact of Ambedkar movement on dalits /cby Usha Kiran aNew DelhibIshwar Booksc2018 aB-29, Arya Nagar CGHS Ltd., Plot No-91, I.P.ExtensionbPatparganj, New Delhie110092mishwarbooks@gmail.co, a288p.c24cm(Hb) aIncludes bibliographical references and index 2ddccENh305.512mUSH 001040708NFICaLbLd2019-10-31eDBAD/PUBg1495.00l1m2o305.512 USHpEN-110302r2025-02-19 00:00:00s2025-01-20t1v1495.00yEN